Les américains en Formule 1 - Statistiques

Statistiques générales
  • Ce quiz a été pris 91 fois
    30 depuis la dernière actualisation
  • Le résultat moyen est 8 sur 41
Statistiques - réponses
Nb de Grands Prix Pilote Constructeurs Années de compétition % Correct
36 Logan Sargeant Williams 2023-2024
88%
128 Mario Andretti Lotus, March, Ferrari, Parnelli, Alfa Romeo, Williams 1968-1972, 1974-1982
81%
13 Michael Andretti McLaren 1993
81%
47 Phil Hill Maserati, Ferrari, Cooper, A-T-S, Lotus 1958-1964
50%
28 Scott Speed Toro Rosso 2006-2007
46%
52 Richie Ginther Ferrari, BRM, Honda, Cooper 1960-1966
42%
5 Alexander Rossi Marussia 2015
35%
86 Dan Gurney Ferrari, BRM, Porsche, Brabham, Eagle, McLaren 1959-1968, 1970
35%
132 Eddie Cheever Hesketh, Osella, Tyrrell, Ligier, Renault, Alfa Romeo, Lola, Arrows 1978, 1980-1989
35%
30 Peter Revson Lotus, Tyrrell, McLaren, Shadow 1964, 1971-1974
31%
56 Harry Schell Cooper, Talbot Lago, Maserati, Gordini, Ferrari, Vanwall, BRM 1950-1960
19%
14 Mark Donohue McLaren, Penske, March 1971, 1974-1975
15%
38 Masten Gregory Maserati, Cooper, Porsche, Lotus, Lola, BRM 1957-1963, 1965
15%
9 Bob Bondurant Ferrari, Lotus, BRM, Eagle 1965-1966
12%
34 Brett Lunger Hesketh, Surtees, March, McLaren, Ensign 1975-1978
12%
8 Carroll Shelby Maserati, Aston Martin 1958-1959
12%
15 Danny Sullivan Tyrrell 1983
12%
12 George Follmer Shadow 1973
12%
6 Hap Sharp Cooper, Lotus, Brabham 1961-1964
12%
11 Jim Hall Lotus 1960-1961, 1963
12%
7 Pete Lovely Cooper, Lotus 1960, 1969-1971
12%
11 Ronnie Bucknum Honda 1964-1966
12%
2 Bobby Rahal Wolf 1978
8%
1 Bobby Unser BRM 1968
8%
4 Danny Ongais Penske, Ensign 1977-1978
8%
1 Jay Chamberlain Lotus 1962
8%
2 Roger Penske Cooper, Lotus 1961-1962
8%
5 Skip Barber March 1971-1972
8%
6 Tony Settember Emeryson, Scirocco 1962-1963
8%
1 Bob Said Connaught 1959
4%
1 Fred Gamble Porsche 1960
4%
2 Mike Fisher Lotus 1967
4%
1 Rob Schroeder Lotus 1962
4%
2 Sam Posey Surtees 1971-1972
4%
3 Chuck Daigh Scarab, Cooper 1960
0%
1 Gus Hutchinson Brabham 1970
0%
1 Harry Blanchard Porsche 1959
0%
2 John Fitch BWM, Maserati 1953, 1955
0%
1 Lance Reventlow Scarab 1960
0%
2 Lloyd Ruby Watson, Lotus 1960-1961
0%
2 Walt Hansgen Cooper, Lotus 1961, 1964
0%
Aucun quiz correspondant
Distribution des résultats
% des personnes avec chaque résultat
Percentile par nombre de réponses
Votre historique - résultats
Vous n’avez pas pris ce quiz depuis la dernière actualisation